La ciudad
Saved in:
| Hovedforfatter: | |
|---|---|
| Format: | Bog |
| Sprog: | spansk |
| Udgivet: |
Barcelona
Paidós
1988
|
| Serier: | Paidós estética, 15
|
| Fag: | |
| Tags: |
Tilføj Tag
Ingen Tags, Vær først til at tagge denne postø!
|
MARC
| LEADER | 00000nam a2200000 a 4500 | ||
|---|---|---|---|
| 001 | UCX6425 | ||
| 003 | CL-VaPUC | ||
| 008 | 930609e19880000SP |||||||||||||||||spa|d | ||
| 082 | 0 | 4 | |a 307.76 |b RON |2 21 |
| 100 | 0 | |a Roncayolo, Marcel |e author |9 322903 | |
| 245 | 1 | 3 | |a La ciudad |
| 300 | |a 142 p | ||
| 942 | |c BK | ||
| 945 | |d 19930609 00:00:00 | ||
| 260 | |a Barcelona |b Paidós |c 1988 | ||
| 650 | 0 | |a Ciudades y pueblos |9 265139 | |
| 583 | |a last modification |c 19930609 00:00:00 |k Rodrigo Vera | ||
| 490 | 0 | |a Paidós estética, 15 | |
| 999 | |c 226446 |d 226444 | ||
| 952 | |0 0 |1 0 |4 0 |6 307_760000000000000_RON_1988 |7 0 |8 A |9 224795 |a BIBHIS |b BIBHIS |d 2019-11-15 |i 2935341 |o 307.76 RON 1988 |p 2935341 |r 2025-01-20 |w 2019-11-15 |y BK |k HIS | ||